| 000 | 01261nam a22003497a 4500 | ||
|---|---|---|---|
| 001 | 00548 | ||
| 003 | DO-SdBNP | ||
| 005 | 20170915134928.0 | ||
| 007 | 000548 | ||
| 008 | 161012b 2000 sp | 00| 0 spa d | ||
| 020 | _a8449411548 | ||
| 040 |
_aBPMSU _bspa _cBPMSU |
||
| 082 | 4 |
_aR 658.02203 _bE56p |
|
| 100 | _a | ||
| 245 | 0 | 0 |
_aEnciclopedia práctica de la pequeña y mediana empresa / _c[dirección, Carlos Gispert ; ; ilustración Monserrat Marcet ; edición Luis Borrás. |
| 246 | 3 | 0 | _aPequeña y mediana empresa |
| 260 |
_aBarcelona : _bOcéano : Centrum, _c[2000]. |
||
| 300 |
_avii, 928 p. : _bil.; _c26 cm. + _eCD-ROM |
||
| 500 | _aTit. del disco compacto: Curso de planificación estratégica | ||
| 500 | _aGlosario : p. 905-924. | ||
| 500 | _aIncluye índice | ||
| 650 | 4 |
_aMICROEMPRESAS _vENCICLOPÉDIAS _xESPAÑOL |
|
| 650 | 4 |
_aADMINISTRACIÓN DE EMPRESAS _vENCICLOPÉDIAS _xESPAÑOL |
|
| 700 | 1 | 2 |
_aGispert, Carlos _edir. |
| 700 | 1 | 2 |
_aMarcet, Monserrat, _eil. |
| 700 | 1 | 2 |
_aBorrás, Luis, _eed. |
| 740 | 0 | _aCurso de planificación estratégica [recurso electrónico] | |
| 910 | _aValidado. Control de calidad MFF | ||
| 942 |
_2ddc _cBK |
||
| 945 | _aInventariado / 2017 VM | ||
| 956 |
_2LOPEREZ _310 _620161012 _8BPMSU _a00041 |
||
| 999 |
_c11548 _d11548 |
||